Sociální vztahy a etika podnikání /

Hlavní autor: Putnová, Anna, 1960-
Jazyk: Čeština
Vydáno: Brno : Zdeněk Novotný, 2003
Vydání: Vyd. 1.
Edice: Studijní text pro studium BA Hons
Témata:
Externí odkaz: Digitalizovaný dokument
Fyzický popis: 67 s. : il. ; 21 cm
Knihy
Uloženo v:
LEADER 01914nam a2200457 a 4500
001 000670214
003 CZ BrMZK
005 20100702110318.0
007 ta
008 030515s2003 xr a e p 000 0 cze d
015 |a cnb001250173 
020 |a 80-86510-73-5  |q (brož.) 
035 |a (OCoLC)53860627 
040 |a BOA001  |b cze 
072 7 |a 658  |x Řízení a správa podniku  |2 Konspekt  |9 4 
072 7 |a 37.016  |x Učební osnovy. Vyučovací předměty. Učebnice  |2 Konspekt  |9 22 
080 |a 17:658  |2 MRF 
080 |a 395  |2 MRF 
080 |a 808.5  |2 MRF 
080 |a (075.8)  |2 MRF 
100 1 |a Putnová, Anna,  |d 1960-  |7 jn20010712013  |4 aut 
245 1 0 |a Sociální vztahy a etika podnikání /  |c Anna Putnová 
250 |a Vyd. 1. 
260 |a Brno :  |b Zdeněk Novotný,  |c 2003 
300 |a 67 s. :  |b il. ;  |c 21 cm 
490 1 |a Studijní text pro studium BA Hons 
500 |a Nad názvem: Fakulta podnikatelstká VUT v Brně, Nottingham Business School the Nottingham Trent University, IMPS, Brno 
500 |a 83 výt. 
504 |a Obsahuje bibliografie 
500 |a Dostupné též v digitální podobě v aplikaci Kramerius 
650 0 7 |a rétorika  |7 ph125389  |2 czenas 
650 0 7 |a manažerská etika  |7 ph115761  |2 czenas 
650 0 7 |a společenské chování  |7 ph125923  |2 czenas 
655 7 |a učebnice vysokých škol  |7 fd133772  |2 czenas 
830 0 |a Studijní text pro studium BA Hons 
856 4 1 |u http://www.digitalniknihovna.cz/mzk/uuid/uuid:50012120-39c5-11e5-8851-005056827e51  |y Digitalizovaný dokument  |x NDK 
910 |a BOA001  |b 2-1121.214 
990 |a BK 
996 6 |b 2610194099  |c 2-1121.214  |l MZK  |r Sklad / do 1 hodiny  |n 9  |p p.v.  |w 000670214  |u 000010  |a 1  |e BOA001  |j MZK50  |s P 
996 7 |b 2610212701  |c 2-1121.214  |l MZK  |r Sklad / do 1 hodiny  |n 36  |p p.v.  |w 000670214  |u 000020  |a 1  |e BOA001  |j MZK50  |s A 
996 7 |b 2610212702  |c 2-1121.214  |l MZK  |r Sklad / do 1 hodiny  |n 8  |p p.v.  |w 000670214  |u 000030  |a 1  |e BOA001  |j MZK50  |s A